00352nam a2200121Ia 4500008004100000041001200041082001100053100001800064245011700082260000600199650000600205700001900211221030s9999 xx 000 0 und d aEnglish a105.23 aR. P. Feynman 4aThe Feynman Lectures on Physics Mainley Electronicsmagnetism and Matter vol. 2cby R. P. Feynman, R. B. Leighton c0 aB aR. B. Leighton